Cieľ je používať použité

Európska federácia balených vôd oznámila zásadné ambície, ktoré sa dotknú celého odvetvia. Cieľom je zvýšenie spätného zberu PET fliaš, pričom by malo byť vyzbieraných 90 percent všetkých vyrobených fliaš. Ďalšou dôležitou métou je väčšie využitie recyklovaného PET materiálu, čím by sa mal v Európe...

ver descrição completa

Na minha lista:
Detalhes bibliográficos
Formato: Capítulo de Livro
Idioma:eslovaco
Assuntos:
Tags: Adicionar Tag
Sem tags, seja o primeiro a adicionar uma tag!

MARC

LEADER 00000naa a2200000 4500
001 0246360
005 20180713095820.9
041 0 |a slo 
044 |a SK 
245 1 0 |a Cieľ je používať použité 
520 |a Európska federácia balených vôd oznámila zásadné ambície, ktoré sa dotknú celého odvetvia. Cieľom je zvýšenie spätného zberu PET fliaš, pričom by malo byť vyzbieraných 90 percent všetkých vyrobených fliaš. Ďalšou dôležitou métou je väčšie využitie recyklovaného PET materiálu, čím by sa mal v Európe urýchliť posun k cirkulárnej ekonomike. 
610 2 0 |a recyklácia odpadu 
610 2 0 |a obaly 
610 2 0 |a prostredie životné 
610 2 0 |a plasty